000 00564nam a2200229Ia 4500
003 OSt
005 20220918183712.0
006 a|||||r|||| 00| 0
007 ta
008 220917b |||||||| |||| 00| 0 eng d
024 _a40,009
037 _cTextual
040 _aARTS
_cARTS
_beng
041 _2eng
_aeng
082 _aO15:1D40:2, J9
100 _aKalidasa
245 0 _aKumarasambhavam ed by S R Sehgal
260 _c1959
650 _aENGLISH LITERATURE
942 _hO15:1D40:2, J9
_cTEXL
_2CC
999 _c173518
_d173518